ego factor : (Record no. 39176)

MARC details
000 -LEADER
fixed length control field 00662nam a22002177a 4500
005 - DATE AND TIME OF LATEST TRANSACTION
control field 20240110150618.0
010 ## - LCCN (DPL NO)
LC control number ENG-98168 ENG-138839
020 ## - INTERNATIONAL STANDARD BOOK NUMBER
International Standard Book Number 9788189107826
Terms of availability 50.00
035 ## - SYSTEM CONTROL NUMBER
System control number EN-81701
035 ## - SYSTEM CONTROL NUMBER
System control number EN-122371
037 ## - SOURCE OF ACQUISITION
Source of stock number/acquisition DBAD/PUB
082 ## - DEWEY DECIMAL CLASSIFICATION NUMBER
Classification number 154.22
100 ## - MAIN ENTRY--PERSONAL NAME
Personal name Anubhavananda, Swami
245 ## - TITLE STATEMENT
Title ego factor :
Remainder of title an asset and a liability /
260 ## - PUBLICATION, DISTRIBUTION, ETC. (IMPRINT)
Place of publication, distribution, etc Bhopal
Name of publisher, distributor, etc Indra Publishing House
Date of publication, distribution, etc 2010
270 ## - ADDRESS
Address E-5/21, Arera Colony, Habibganj Police Station Road
City Bhopal
Postal code 462016
300 ## - PHYSICAL DESCRIPTION
Extent 87p.
Dimensions 22cm (pbk)
650 ## - SUBJECT ADDED ENTRY--TOPICAL TERM
Topical term or geographic name as entry element Hapiness
650 ## - SUBJECT ADDED ENTRY--TOPICAL TERM
Topical term or geographic name as entry element Conduct of life
942 ## - ADDED ENTRY ELEMENTS (KOHA)
Source of classification or shelving scheme Dewey Decimal Classification
Item type English Books
Classification part 154.22
Call number suffix ANU
Holdings
Withdrawn status Lost status Not for loan Collection code Home library Current library Date acquired Source of acquisition Cost, normal purchase price Full call number Barcode Copy number Cost, replacement price Koha item type
    Not For Loan Non-fiction D.B.Act.Division D.B.Act.Division 04/08/2010 DBAD/PUB 50.00 154.22 ANU EN-81701 1 50.00 English Books
      Non-fiction Sarojini Nagar Sarojini Nagar 10/01/2024 DBAD/PUB 50.00 154.22 ANU EN-122371 1 50.00 English Books

© Delhi Public Library
Hit Counter
free hit counter